Brand India: an evaluation (Record no. 404873)

000 -LEADER
fixed length control field 00506cam a22001697a 4500
008 - FIXED-LENGTH DATA ELEMENTS--GENERAL INFORMATION
fixed length control field 180718b2004 xxu||||| |||| 00| 0 eng d
020 ## - INTERNATIONAL STANDARD BOOK NUMBER
International Standard Book Number 8178813734
082 ## - DEWEY DECIMAL CLASSIFICATION NUMBER
Classification number T19x54 Sr17b
245 ## - TITLE STATEMENT
Title Brand India: an evaluation
Statement of responsibility, etc. edited by Kanugovi Sreenath
260 ## - PUBLICATION, DISTRIBUTION, ETC.
Place of publication, distribution, etc. Hyderabad
Name of publisher, distributor, etc. ICFAI Univ. Press
Date of publication, distribution, etc. 2004
300 ## - PHYSICAL DESCRIPTION
Extent 202p.
650 ## - SUBJECT ADDED ENTRY--TOPICAL TERM
Topical term or geographic name entry element Democracy - India
650 ## - SUBJECT ADDED ENTRY--TOPICAL TERM
Topical term or geographic name entry element Technology and civilization
650 ## - SUBJECT ADDED ENTRY--TOPICAL TERM
Topical term or geographic name entry element Information technology
650 ## - SUBJECT ADDED ENTRY--TOPICAL TERM
Topical term or geographic name entry element India - Economic conditions
700 ## - ADDED ENTRY--PERSONAL NAME
Personal name Sreenath, Kanugovi
Holdings
Withdrawn status Lost status Damaged status Not for loan Permanent Location Current Location Date acquired Full call number Barcode Date last seen Price effective from Koha item type
        Indian Institute of Public Administration Indian Institute of Public Administration 2005-12-08 T19x54 Sr17b 80704 2018-07-21 2018-07-21 Book

Powered by Koha